000 00909cac a2200277 a 4500
003 CO-PeBPM
005 20250509183722.0
008 231129s1973||||ck ||||||||||||| ||spa||
020 _a8425302854
040 _aCO-PeBPM
_bspa
_cCO-PeBPM
_erda
041 _aspa
082 _a193 R991r
_222
100 1 0 _aRycroft, Charles
_eautor
245 1 0 _aReich
_c/ Charles Rycroft; traducción Albert Roies
250 _aPrimera edición
260 _aBarcelona, España
_b: Ediciones Grijalbo
_c, 1973
300 _a161 páginas
_c17,5 centímetros
490 _aMaestros del pensamiento contemporáneo
_v8
500 _aIncluye índice
504 _aIncluye bibliografía al final del texto
600 1 4 _a Reich, Wilhelm,
_2LEMB
_d1897-1957
650 _a Ética sexual
_2LEMB
650 _aFilosofia moderna
_2LEMB
650 _aPsicoanálisis
_2LEMB
942 _2ddc
_cBKS
999 _c23904
_d23904